000 01050cam a2200313 a 4500
999 _c4710
_d4710
001 14158677
003 TZ-ArACH
005 20180203132504.0
008 050321s2004 po b 001 0 por
010 _a 2006362784
020 _a9789724041575
035 _a(PoLxPL)pu050079920
040 _aDLC
_cDLC
050 0 0 _aKKQ515
_b.D57
100 _aMonteiro, A. Reis
245 0 0 _aDireitos da crianças : er a uma vez.../
_cA. Reis Monteiro
_ber a uma vez...
260 _a[Coimbra] :
_bAlmedina
_c2010
300 _a129p. ;
_c23 cm.
490 0 _aCorpus Iuris Gentium Conimbrigae,
_x0873-7495 ;
_v3
500 _aTextos em português e inglês.
504 _aIncludes bibliographical references and index.
650 0 _aChildren
_xLegal status, laws, etc.
_zPortugal.
650 0 _aMinors
_zPortugal.
650 0 _aChild welfare
_xInternational cooperation.
700 1 _aMonteiro, A. Reis
_q(António Reis)
906 _a7
_bcbc
_corigres
_d2
_encip
_f20
_gy-gencatlg
942 _2lcc
_cBOOK